Derecho de patentes (Registro nro. 2830)
[ vista simple ]
| 000 -LEADER | |
|---|---|
| fixed length control field | 01481 a2200289 4500 |
| 001 - CONTROL NUMBER | |
| control field | 37882 |
| 005 - DATE AND TIME OF LATEST TRANSACTION | |
| control field | 20260407155645.0 |
| 008 - FIXED-LENGTH DATA ELEMENTS--GENERAL INFORMATION | |
| fixed length control field | 260407a1996 arg spa d |
| 003 - CONTROL NUMBER IDENTIFIER | |
| control field | AR-UNSa-BCEJYS |
| 040 ## - CATALOGING SOURCE | |
| Original cataloging agency | AR-UNSa-BCEJYS |
| Language of cataloging | spa |
| Transcribing agency | AR-UNSa-BCEJYS |
| 080 ## - UNIVERSAL DECIMAL CLASSIFICATION NUMBER | |
| Universal Decimal Classification number | 347.77 |
| Common auxiliary subdivision | Propiedad industrial, comercial y científica. Derecho sobre patentes y marcas. Registro de modelos, planos, marcas y nombres comerciales |
| 020 ## - INTERNATIONAL STANDARD BOOK NUMBER | |
| International Standard Book Number | 950-9385-75-1 |
| 041 ## - LANGUAGE CODE | |
| Language code of text/sound track or separate title | spa |
| 100 1# - MAIN ENTRY--PERSONAL NAME | |
| Personal name | Bergel, Salvador Dario |
| 245 10 - TITLE STATEMENT | |
| Title | Derecho de patentes |
| Name of part/section of a work | el nuevo régimen legal de las invenciones y los modelos de utilidad |
| 264 #1 - PRODUCTION, PUBLICATION, DISTRIBUTION, MANUFACTURE, AND COPYRIGHT NOTICE | |
| Place of production, publication, distribution, manufacture | Buenos Aires : |
| Name of producer, publisher, distributor, manufacturer | Ediciones Ciudad Argentina |
| Date of production, publication, distribution, manufacture, or copyright notice | 1996 |
| 300 ## - PHYSICAL DESCRIPTION | |
| Extent | 495 p. |
| Dimensions | 20 cm. |
| 505 ## - FORMATTED CONTENTS NOTE | |
| Formatted contents note | 1. Requisitos y excepciones a la patentabilidad. Invenciones biotecnologicas - 2. Como obtener una patente - 3. El nuevo régimen de patentes de invención: extensión y limites a los derechos - 4. Licencias obligatorias - 5. Modelos de utilidad - 6. Nulidad y caducidad de las patentes de invención y de los modelos de utilidad. Procedimiento administrativo - 7. Acciones civiles y penales - 8. Disposiciones transitorias |
| 590 ## - LOCAL NOTE (RLIN) | |
| Local note | niveau_biblio:m niveau_hierar:0 |
| 700 1# - ADDED ENTRY--PERSONAL NAME | |
| Personal name | Correa, Carlos María |
| 700 1# - ADDED ENTRY--PERSONAL NAME | |
| Personal name | Kors, Jorge A. |
| 700 1# - ADDED ENTRY--PERSONAL NAME | |
| Personal name | Moncayo von Hase, Martín |
| 700 1# - ADDED ENTRY--PERSONAL NAME | |
| Personal name | Genovesi, Luis Mariano |
| 700 1# - ADDED ENTRY--PERSONAL NAME | |
| Personal name | Alvarez, Alicia |
| 856 41 - ELECTRONIC LOCATION AND ACCESS | |
| Uniform Resource Identifier | <a href="https://biblioeco.unsa.edu.ar/pmb/images/libros/L125673.jpg">https://biblioeco.unsa.edu.ar/pmb/images/libros/L125673.jpg</a> |
| Link text | Imagen de portada |
| Electronic format type | image/jpeg |
| 942 ## - ADDED ENTRY ELEMENTS (KOHA) | |
| Koha item type | |
| Withdrawn status | Lost status | Damaged status | Not for loan | Home library | Current library | Shelving location | Date acquired | Total checkouts | Full call number | Barcode | Date last seen | Price effective from | Koha item type |
|---|---|---|---|---|---|---|---|---|---|---|---|---|---|
| Biblioteca Prof. Eusebio Cleto del Rey | Biblioteca Prof. Eusebio Cleto del Rey | 07/04/2026 | 347.77 C824d | L125673 | 07/04/2026 | 07/04/2026 | Libro |